Drobný nehmotný a drobný hmotný investičný majetok

Hmotný investičný majetok (HIM) a nehmotný investičný majetok (NIM) ako dôležitá súčasť investičného majetku, stálych aktív. Vymedzenie drobného investičného majetku v postupoch účtovania pre podnikateľov. Vymedzenie pojmov drobný hmotný investičný majetok (DHIM) a drobný nehmotný investičný majetok...

Full description

Saved in:
Bibliographic Details
Main Author: Hacherová, Žofia
Format: Book Chapter
Language:Slovak
Subjects:
Tags: Add Tag
No Tags, Be the first to tag this record!

MARC

LEADER 00000naa a2200000 4500
001 r035015
005 20230912113107.8
041 0 |a slo 
044 |a SK 
245 1 0 |a Drobný nehmotný a drobný hmotný investičný majetok  |c Žofia Hacherová 
520 |a Hmotný investičný majetok (HIM) a nehmotný investičný majetok (NIM) ako dôležitá súčasť investičného majetku, stálych aktív. Vymedzenie drobného investičného majetku v postupoch účtovania pre podnikateľov. Vymedzenie pojmov drobný hmotný investičný majetok (DHIM) a drobný nehmotný investičný majetok (DNIM). 
610 2 0 |a majetok investičný 
610 2 0 |a majetok hmotný 
610 2 0 |a majetok nehmotný 
610 2 0 |a účtovanie 
610 2 0 |a odpisy 
610 2 0 |a obstarávanie 
100 1 |a Hacherová, Žofia